|
|
|
|
| LEADER |
00000nam0a2200000 4500 |
| 001 |
136101 |
| 005 |
20231101220609.0 |
| 020 |
|
|
|a RU
|b 91-24355
|
| 035 |
|
|
|a (RuTPU)RU\TPU\book\147497
|
| 090 |
|
|
|a 136101
|
| 100 |
|
|
|a 20080418d1991 m a0rusy5003 ca
|
| 101 |
0 |
|
|a rus
|
| 102 |
|
|
|a RU
|
| 105 |
|
|
|a a j 000zy
|
| 200 |
1 |
|
|a Радиоприемные устройства. Основы теории преселектора
|e текст лекций
|f И. С. Андронов, Ю. К. Выболдин
|g Северо-Западный заочный политехнический институт (СЗПИ)
|
| 210 |
|
|
|a Ленинград
|c Изд-во СЗПИ
|d 1991
|
| 215 |
|
|
|a 55 с.
|c ил.
|
| 606 |
|
|
|a Радиоприемники
|2 stltpush
|3 (RuTPU)RU\TPU\subj\22951
|9 47623
|
| 610 |
1 |
|
|a пособия для заочников
|
| 610 |
1 |
|
|a технические характеристики
|
| 610 |
1 |
|
|a радиоприемные устройства
|
| 610 |
1 |
|
|a шумы
|
| 610 |
1 |
|
|a цепи
|
| 610 |
1 |
|
|a усилители
|
| 675 |
|
|
|a 621.396.62(075.8)
|z rus
|
| 700 |
|
1 |
|a Андронов
|b И. С.
|g Игорь Сергеевич
|4 070
|
| 701 |
|
1 |
|a Выболдин
|b Ю. К.
|g Юрий Константинович
|4 070
|
| 712 |
0 |
2 |
|a Северо-Западный заочный политехнический институт (СЗПИ)
|c (Ленинград)
|2 stltpush
|3 (RuTPU)RU\TPU\col\2602
|
| 801 |
|
0 |
|a RU
|b RuMRKP
|c 19950417
|g psbo
|
| 801 |
|
1 |
|a RU
|b 63413507
|c 20080418
|g PSBO
|
| 801 |
|
2 |
|a RU
|b 63413507
|c 20171016
|g PSBO
|
| 942 |
|
|
|c BK
|